000 00676nac a22002051u 4500
010 _a 84026615
020 _a0136531148
082 0 0 _a697.78
_bMEL
090 _c5897
_d5897
100 _aMeltzer, Michael.
245 1 0 _aPassive and active solar heating technology /
_cMichael Meltzer.
260 _aEnglewood Cliffs, NJ :
_bPrentice-Hall,c1985.
_cc1985.
300 _aviii, 376 p. :
_bill. ;
_c28 cm.
500 _aDistributer : Al-Ahram.
504 _aIncludes bibliographies and index.
511 _aCatalogued By: Mahitab.
650 0 _aSolar heating.
650 0 _aSolar energy
_xPassive systems.
942 _cBB
_k697.78MEL
999 _c5897
_d5897